LEADER 01387nam a2200289 u 4500 001 000000044190 003 CaOOAMICUS 005 20070226114525.0 008 990422s1966 fr u000 u fre u 035 $a10820907 040 $aPUL(R)$bita$dPUL(R) 100 1 $aLa Trinité, Philippe de,$dO.C.D.$0(OLS)http://pul/name/32319 245 10$aDialogue avec le marxisme? :$b"Ecclesiam Suam" et Vatican II ; appendice sur Teilhard de Chardin. 260 $aParis :$bLes éditions du Cèdre,$c1966. 300 $a177 p. ;$c24 cm 504 $aBibliografia in nota. 650 4$aMarxismo.$0(OLS)http://pul/subject/4889 650 4$aMarxismo e Cattolicesimo.$0(OLS)http://pul/subject/5613 700 1 $aTeilhard de Chardin, Pierre,$cS.I.,$d1881-1955.$0(OLS)http://pul/name/8170 850 $aPUL 852 $aPUL$W1$xDP1 Cons. Gen., Altre Classi 1$y22$m45 I 9$j59523$nBK-PRI$b $qStampati$B59523$CPULBib$Z2$F59523 $H $81 852 $aPUL$W1$xDP1 Fondo Pastorale$y55$mP12 A 6$j59524$nBK-PRI$b $qFondi$B59524$CPULBib$Z2$F59524 $H $81 941 1 $a8 941 1 $a1 961 $aINV: 40064 996 $6245$aDialogue avec le marxisme? :$b"Ecclesiam Suam" et Vatican II ; appendice sur Teilhard de Chardin$9(OLS)http://pul/title/59605 996 $6260$aParis :$bLes éditions du Cèdre$9(OLS)http://pul/publisher/55918 LEADER 01121nam a2200265 u 4500 001 000000088982 003 CaOOAMICUS 005 20070226124553.0 008 051109s1964 it u000 u ita u 035 $a11067668 040 $aPUL(R)$bita 100 1 $aPeano, Luigi,$d1924-2019.$0(OLS)http://pul/name/6465 245 13$aLa Chiesa nel pensiero russo slavofilo /$cLuigi Peano. 260 $aBrescia :$bMorcelliana,$cc1964. 300 $a156 p. ;$c19 cm 490 1 $aUniversale moderna Morcelliana.$aQuestioni e problemi d'oggi 500 $aIndici : p. [285]-298. 504 $aBibliografia : p. 149-151. 650 4$aChiesa russo-ortodossa.$0(OLS)http://pul/subject/5702 830 0$aUniversale moderna Morcelliana.$pQuestioni e problemi d'oggi.$0(OLS)http://pul/title/1305 850 $aPUL 852 $aPUL$W1$xDP1 Fondo Pastorale$y55$mP8 E 6$j112590$nBK-PRI$b $qFondi$B112590$CPULBib$Z2$F112590 $HPUL1932 $81 941 1 $a1 996 $6245$aLa Chiesa nel pensiero russo slavofilo$9(OLS)http://pul/title/114939 996 $6260$aBrescia :$bMorcelliana$9(OLS)http://pul/publisher/47854